000 00458nam a2200169Ia 4500
008 090711s9999 xx 000 0 und d
082 _b19687
100 _aनेने हरी ना.
245 _aसुत्रपाठ
260 _c1942
300 _a100
600 _aनेने हरी ना.
630 _aसुत्रपाठ
700 _aनेने हरी ना.
730 _aसुत्रपाठ
942 _cBOOK
999 _c311780
_d311780